000
00192nam a22000977a 4500
082
_a
823
_b
ALC/J
100
_a
ALCOTT,LOUISA
245
_a
JO'S BOYS
246
_a
JO'S BOYS
_b
JO'S BOYS
942
_c
BK
999
_c
8236
_d
8236